Çağdaş parti örgütlenmesi (Record no. 3076)
[ view plain ]
| 000 -BAŞLIK | |
|---|---|
| Sabit Uzunlukta Kontrol Alanı | 00874na a2200265 4500 |
| 001 - KONTROL NUMARASI | |
| Denetim Alanı | 19074 |
| 003 - KONTROL NUMARASI IDENTIFIER | |
| Denetim Alanı | MIRAKIL |
| 005 - SON İŞLEM TARİHİ VE ZAMANI | |
| Denetim Alanı | 20181213154919.0 |
| 008 - SABİT-BOY VERİ ELEMANLARI - GENEL BİLGİLER | |
| Sabit Uzunlukta Kontrol Alanı | 170217b tu 000 0 |
| 022 ## - ULUSLARARASI STANDART SERİ NUMARASI | |
| Uluslararası Standart Süreli Yayın Numarası | 2146135X |
| 035 ## - SİSTEM KONTROL NUMARASI | |
| Sistem Kontrol Numarası | 19074 |
| 040 ## - KATALOGLAMA KAYNAK | |
| Orijinal Kataloglama Ajansı | Milas |
| Kataloglama Dili | tur |
| Metne Dönüştürmek Ajansı | TR-AnCHP |
| 041 ## - DİL KODU | |
| Metin / Ses Parça Veya Ayrı Başlığın Dil Kodu | tur |
| 082 ## - DEWEY ONLU SINIFLANDIRMA NUMARASI | |
| Sınıflandırma Numarası | CHP 324.2172 |
| Ürün Numarası | K26ç 2012 |
| 090 ## - SINIFLAMA NUMARASI | |
| Sınıflama Numarası | CHP 324.2172 K26ç 2012 |
| 100 ## - ANA GİRİŞ - KİŞİSEL İSİM | |
| Kişisel Ad | Karakaş, Ercan |
| Bir Adıyla İlişkilendirilen Tarihler | 1945- |
| 245 ## - BAŞLIK TABLOSU | |
| Başlık | Çağdaş parti örgütlenmesi |
| Başlığın Kalan | CHP ve örgütsel yenilenmenin temel ilkeleri |
| Sorumluluk Tablosu, Vb | Ercan Karakaş |
| 260 ## - YAYIN, DAĞITIM, VB | |
| Yayın, Dağıtım, Vb Yeri | İstanbul |
| Yayıncı, Dağıtıcı, Vs Adı | Sosyal Demokrasi Vakfı (SODEV) |
| Yayın, Dağıtım, Vb Tarihi | 2012 |
| 300 ## - FİZİKSEL TANIM | |
| Kapsam | 71 s. |
| Boyutlar | 21 sm. |
| 500 ## - GENEL NOT | |
| Genel Not | Sosyal Demokrat Dergi özel sayısıdır. |
| 610 ## - KONU KATMA GİRİŞ - TOPLANTI ADI | |
| Giriş Elemanı Olarak Kurumsal Ad Veya Yargı Alanı Adı | Cumhuriyet Halk Partisi (CHP) |
| Genel Alt Bölüm | Yönetim |
| 610 ## - KONU KATMA GİRİŞ - TOPLANTI ADI | |
| Giriş Elemanı Olarak Kurumsal Ad Veya Yargı Alanı Adı | Cumhuriyet Halk Partisi (CHP) |
| Genel Alt Bölüm | Örgütlenme |
| 650 ## - KONU KATMA GİRİŞ - TOPİKAL DÖNEM | |
| Topikal Süreli Veya Coğrafi Ad Giriş Elemanı | Siyasal partiler |
| Genel Alt Bölümü | Sosyal demokrat partiler |
| Kronolojik Alt Bölümü | Örgütlenme |
| 942 ## - EKLENDİ GİRİŞ ELEMANLARI (KOHA) | |
| Sınıflandırma Veya Raf Düzeni Kaynak | Dewey Decimal Classification |
| Koha Öğesi Türü | Books |
| 999 ## - SİSTEM KONTROL NUMARALARI (KOHA) | |
| Koha Biblionumber | 3076 |
| Koha Biblioitemnumber | 3076 |
| Kalıcı Konum | Mevcut Konum | Edinme Tarihi | Edinim Kaynak | Toplam Check-Out'Lar | Tam Çağrı Numarası | Barkod | Tarih Son Görülme | İtibaren Geçerli Fiyatlar | Koha Öğesi Türü | Kopya Sayısı | Kullanım Kısıtlamaları | Kodlu Konum Eleme |
|---|---|---|---|---|---|---|---|---|---|---|---|---|
| CHP Kütüphanesi | CHP Kütüphanesi | 12/08/2016 | Bağış | CHP 324.2172 K26ç 2012 | 008934 | 12/08/2016 | 12/08/2016 | Books | ||||
| CHP Kütüphanesi | CHP Kütüphanesi | 01/02/2017 | Bağış | CHP 324.2172 K26ç 2012 | 010409 | 01/02/2017 | 01/02/2017 | Books | k.2 | |||
| CHP Kütüphanesi | CHP Kütüphanesi | 02/17/2017 | Bağış | CHP 324.2172 K26ç 2012 | 016602 | 02/17/2017 | 02/17/2017 | Books | Kütüphane dışına çıkarılamaz | CHP |
